| 000 | 01947nam a2200217Ia 4500 | ||
|---|---|---|---|
| 999 |
_c36462 _d36462 |
||
| 001 | 2377 | ||
| 003 | GE_BSU | ||
| 005 | 20190530183846.0 | ||
| 008 | 181216s2010||||ge |||||||||||||| ||geo|| | ||
| 020 | _a9789941412313 | ||
| 040 | _cGE_BSU | ||
| 041 | _ageo | ||
| 080 | _a338.43(479.22)+631(479.22)(063) ს–72 | ||
| 245 |
_a"სოფლის მეურნეობის მოდერნიზაცია გლობალიზაციის პირობებში", საერთაშორისო სამეცნიერო კონფერენცია (2010, ბათუმი) შოთა რუსთაველის სახელმწიფო უნივერსიტეტის სასოფლო-სამეურნეო ფაკულტეტისა და ბლაგოევგრადის ნეოფიტრილსკის უნივერსიტეტის ერთობლივი საერთაშორისო სამეცნიერო კონფერენცია "სოფლის მეურნეობის მოდერნიზაცია გლობალიზაციის პირობებში" : _bპროგრამა და აბსტრაქტი, 29-30 ივნისი, _cშოთა რუსთაველის სახელმწიფო უნ-ტი, სას.-სამ. ფაკ-ტი, ბლაგოევგრადის ნეოფიტრილსკის უნ-ტი. |
||
| 264 |
_aბათუმი : _c2010. |
||
| 300 |
_a93 გვ. ; _b29 სმ. |
||
| 653 | _aსოფლის მეურნეობის ეკონომიკა | ||
| 653 | _aსაქართველოს სოფლის მეურნეობა | ||
| 710 |
_aშოთა რუსთაველის სახელმწიფო უნ-ტი _91867 |
||
| 942 |
_cBK _2udc |
||